LIBRARY & INFORMATION CENTRE, KCAET, TAVANUR

ONLINE PUBLIC ACCESS CATALOGUE (OPAC)

Vidhyapathi: Ek tulanatmak sameeksha / (Record no. 8378)

MARC details
000 -LEADER
fixed length control field 00441cam a2200181ua 4500
041 ## - LANGUAGE CODE
Language code of text/sound track or separate title hin
082 ## - DEWEY DECIMAL CLASSIFICATION NUMBER
Classification number 891.54
Item number JAY/VI
100 ## - MAIN ENTRY--AUTHOR NAME
Personal name Jaynad, Nalin .
245 ## - TITLE STATEMENT
Title Vidhyapathi: Ek tulanatmak sameeksha /
250 ## - EDITION STATEMENT
Edition statement 1 /
260 ## - PUBLICATION, DISTRIBUTION, ETC. (IMPRINT)
Place of publication :
Name of publisher Bangal and company ,
Year of publication 1961.
300 ## - PHYSICAL DESCRIPTION
Number of Pages 327 ; .
942 ## - ADDED ENTRY ELEMENTS (KOHA)
Koha item type Books
Holdings
Withdrawn status Lost status Damaged status Home library Current library Date acquired Full call number Accession Number Koha item type
Withdrawn     KAUAET Sanskrit University 07/04/2012 891.54 9709 Books
free website counter